000 00391nam a2200181Ia 4500
005 20250603145428.0
008 250603s9999 xx 000 0 und d
020 _a9780640282
050 _aKP 107 .E7/
100 _aEtikerentse, G.
245 0 _aNigeria Petroleum Law
260 _aLagos
260 _bDredew
260 _c2014
300 _a522 p
650 _aLagos
942 _cBK
999 _c41830
_d41830